Normal view
MARC view
- Datta, Parul
Entry Personal Name
001 - CONTROL NUMBER
- control field: 215557
003 - CONTROL NUMBER IDENTIFIER
- control field: OSt
005 - DATE AND TIME OF LATEST TRANSACTION
- control field: 20251128121646.0
008 - FIXED-LENGTH DATA ELEMENTS
- fixed length control field: 251128|| aca||aabn | a|a d
040 ## - CATALOGING SOURCE
- Original cataloging agency: OSt
- Transcribing agency: OSt
100 ## - HEADING--PERSONAL NAME
- Personal name: Datta, Parul
670 ## - SOURCE DATA FOUND
- Source citation: Work cat.: (OSt)369186: Datta, Parul, Pediatric Nursing, 2025